Motivation and athletic achievement among junior high school athletes / (Record no. 20356)
[ view plain ]
| 000 -LEADER | |
|---|---|
| fixed length control field | 00702nam a22001817a 4500 |
| 005 - DATE AND TIME OF LATEST TRANSACTION | |
| control field | 20260330091628.0 |
| 008 - FIXED-LENGTH DATA ELEMENTS--GENERAL INFORMATION | |
| fixed length control field | 240809b ||||| |||| 00| 0 eng d |
| 082 ## - DEWEY DECIMAL CLASSIFICATION NUMBER | |
| Classification number | UT 1615 T636 2019 |
| 100 ## - MAIN ENTRY--PERSONAL NAME | |
| Personal name | Torres, Via B. |
| 9 (RLIN) | 57419 |
| 245 ## - TITLE STATEMENT | |
| Title | Motivation and athletic achievement among junior high school athletes / |
| Statement of responsibility, etc. | Via B. Torres, Jasmin Arjelyn Jacinto, and Maria Rowena Hanna Selma. |
| 260 ## - PUBLICATION, DISTRIBUTION, ETC. (IMPRINT) | |
| Place of publication, distribution, etc. | Digos City : |
| Name of publisher, distributor, etc. | UMDC, |
| Date of publication, distribution, etc. | March 2019. |
| 300 ## - PHYSICAL DESCRIPTION | |
| Extent | ix, 34 pages : |
| Other physical details | illustrations ; |
| Dimensions | 30 cm. |
| 500 ## - GENERAL NOTE | |
| General note | includes references and appendices. |
| 650 ## - SUBJECT ADDED ENTRY--TOPICAL TERM | |
| Topical term or geographic name as entry element | Education |
| General subdivision | Undergraduate thesis. |
| 9 (RLIN) | 57420 |
| 700 ## - ADDED ENTRY--PERSONAL NAME | |
| Personal name | Jacinto, Jasmin Arjelyn. |
| 9 (RLIN) | 57421 |
| 700 ## - ADDED ENTRY--PERSONAL NAME | |
| Personal name | Selma, Maria Rowena Hanna. |
| 9 (RLIN) | 57422 |
| 942 ## - ADDED ENTRY ELEMENTS (KOHA) | |
| Source of classification or shelving scheme | Dewey Decimal Classification |
| Koha item type | Undergraduate Thesis |
| Withdrawn status | Lost status | Source of classification or shelving scheme | Damaged status | Not for loan | Collection code | Home library | Current library | Date acquired | Total Checkouts | Full call number | Barcode | Date last seen | Price effective from | Koha item type |
|---|---|---|---|---|---|---|---|---|---|---|---|---|---|---|
| Dewey Decimal Classification | Undergraduate Theses | UM Digos College - LIC | UM Digos College - LIC | 05/10/2024 | UT 1615 T636 2019 | 1615 | 08/09/2024 | 08/09/2024 | Undergraduate Thesis |
